プロ野球スピリッツA(プロスピA) エキサイティングプレイヤーの選手名 - Statistics

General Stats
  • This quiz has been taken 95 times
  • The average score is 66 of 136
Answer Stats
球団名・登場年度 選手名 % Correct
オリックス 25 | 西武 18 森友哉
92%
阪神 21・24・25 大山悠輔
90%
ヤクルト 21・25 村上宗隆
90%
阪神 21・24 近本光司
88%
中日 21~24 柳裕也
86%
DeNA 25 山本祐大
84%
オリックス 19~22 山本由伸
84%
中日 21 高橋周平
82%
中日 24 髙橋宏斗
82%
ソフトバンク 19・20 柳田悠岐
82%
西武 22 髙橋光成
82%
広島 21・22・25 森下暢仁
80%
DeNA 22・24 牧秀悟
78%
巨人 21~23 岡本和真
78%
ロッテ 18 | 楽天 21 鈴木大地
78%
ロッテ 25 鈴木昭汰
78%
ソフトバンク 25 | 西武 18 山川穂高
78%
ヤクルト 21 山田哲人
76%
巨人 21 | 広島 18 丸佳浩
73%
オリックス 18 西勇輝
73%
日本ハム 25 清宮幸太郎
73%
楽天 22 田中将大
71%
西武 23・25 今井達也
71%
日本ハム 24 伊藤大海
71%
阪神 18~20 糸井嘉男
69%
ヤクルト 18 中村悠平
69%
ロッテ 19 中村奨吾
69%
阪神 25 才木浩人
65%
広島 23 坂倉将吾
65%
ロッテ 21~23 藤原恭大
65%
日本ハム 19・20 大田泰示
65%
ヤクルト 24 D.サンタナ
65%
巨人 22・25 吉川尚輝
63%
日本ハム 18・19・21 近藤健介
63%
ヤクルト 24 J.オスナ
63%
ソフトバンク 21 甲斐拓也
61%
西武 21・23・25 平良海馬
61%
阪神 22 秋山拓巳
59%
DeNA 18・21 宮﨑敏郎
59%
巨人 18~20 菅野智之
59%
ヤクルト 20 石川雅規
59%
中日 25 細川成也
59%
ソフトバンク 22・24 石川柊太
59%
阪神 23 梅野隆太郎
57%
広島 20 大瀬良大地
57%
DeNA 20・22・23 山﨑康晃
57%
巨人 25 山﨑伊織
57%
オリックス 18 山﨑福也
57%
楽天 18~20・23 則本昂大
57%
広島 20・24 床田寛樹
55%
オリックス 22・24 宮城大弥
55%
ソフトバンク 25 今宮健太
55%
DeNA 23 N.ソト
55%
広島 25 矢野雅哉
53%
オリックス 19・21 吉田正尚
53%
ソフトバンク 24 周東佑京
53%
楽天 25 辰己涼介
53%
DeNA 19・24 東克樹
51%
オリックス 25 頓宮裕真
51%
ロッテ 24 小島和哉
51%
西武 20・24 源田壮亮
51%
阪神 23 岩崎優
49%
ロッテ 24 種市篤暉
49%
楽天 18~20・22・23 松井裕樹
49%
ソフトバンク 19・21・22 千賀滉大
47%
広島 22 栗林良吏
45%
広島 24 島内颯太郎
45%
楽天 21 島内宏明
45%
楽天 24 小深田大翔
45%
西武 24 外崎修汰
45%
日本ハム 23・24 加藤貴之
45%
阪神 19・20 福留孝介
43%
巨人 18~20 小林誠司
43%
中日 25 松山晋也
43%
日本ハム 18 有原航平
43%
阪神 22 青柳晃洋
41%
ヤクルト 23 塩見泰隆
41%
オリックス 23 山﨑颯一郎
41%
オリックス 24 山下舜平大
41%
ロッテ 19 藤岡裕大
41%
日本ハム 23 松本剛
41%
日本ハム 25 北山亘基
41%
巨人 24 門脇誠
39%
ヤクルト 22 清水昇
39%
ロッテ 22 佐々木朗希
39%
西武 22 増田達至
39%
中日 19 D.ビシエド
39%
オリックス 20 山岡泰輔
37%
ソフトバンク 18 岩嵜翔
37%
広島 21・23 堂林翔太
35%
DeNA 20・21 今永昇太
35%
ソフトバンク 23 藤井皓哉
35%
西武 20 金子侑司
35%
日本ハム 20 金子弌大
35%
ヤクルト 25 大西広樹
33%
巨人 23 高梨雄平
31%
ヤクルト 19 原樹理
31%
ヤクルト 22 青木宣親
31%
中日 18・20 小笠原慎之介
31%
ロッテ 20 井上晴哉
31%
ロッテ 21 安田尚憲
31%
ソフトバンク 20 松田宣浩
31%
ヤクルト 23 田口麗斗
29%
広島 18・19 中﨑翔太
27%
ロッテ 23 山口航輝
27%
楽天 24 早川隆久
27%
日本ハム 21 宮西尚生
27%
DeNA 25 大貫晋一
24%
ヤクルト 19 石山泰稚
24%
オリックス 23 宇田川優希
22%
ロッテ 25 横山陸人
22%
巨人 24 秋広優人
20%
中日 23 松葉貴大
20%
ソフトバンク 23 泉圭輔
20%
楽天 25 藤平尚真
20%
ロッテ 20 B.レアード
20%
阪神 18 俊介
18%
DeNA 18 濵口遥大
18%
中日 19・20 平田良介
18%
広島 19 一岡竜司
16%
中日 22 木下拓哉
16%
ヤクルト 18 秋吉亮
14%
日本ハム 22 淺間大基
14%
日本ハム 22 王柏融
14%
ヤクルト 20 雄平
12%
西武 19 平井克典
12%
DeNA 19 神里和毅
10%
中日 18 又吉克樹
10%
西武 19 榎田大樹
10%
西武 21 森脇亮介
10%
ロッテ 18 平沢大河
8%
ソフトバンク 18 嘉弥真新也
8%
No matching quizzes found
Score Distribution
Percent of People with Each Score
Percentile by Number Answered
Your Score History
You have not taken this quiz